000 00445nam a2200181Ia 4500
003 GCL
008 140319s9999 xx 000 0 eng d
040 _aGCL /
_cGCL
082 0 4 _a741.24
_bB B
100 1 _aBORGESAN, BET
245 1 0 _aBASIC COLOURED PENCIL TECHINQUES /
_cBORGESAN, BET
260 _a[S.N] :
_bNORTH LIGHT BOOKS ،
_c1997
300 _a128 P
650 0 4 _aDRAWING
650 0 4 _aARTS
650 0 4 _aPENCIL
942 _2ddc
_cBK
999 _c15689
_d15689